| 000 | 01227nam a2200193 4500 | ||
|---|---|---|---|
| 003 | CO-ViMGA | ||
| 020 | _a9788408131571 | ||
| 040 |
_aCO-ViMGA _bspa _cCO-ViMGA |
||
| 082 | 0 | 4 |
_aR030 G845g _m2015 |
| 245 | 1 | 0 |
_aGUINNESS WORLD RECORDS 2015 / _cCraig Glenday editor |
| 250 | _aEdicion especial 60 aniversario | ||
| 260 |
_aEspaña : _bEditorial Planeta, _c2014. |
||
| 300 |
_a255 p. : _bil. fotos : 30 cm. |
||
| 504 | _aIncluye índice alfabético | ||
| 520 | _aNuevos récords alucinantes cobran vida. Un excelente regalo para divertirse y aprender. Edición coleccionista especial aniversario para celebrar los 60 años del Libro Guinness de los Récords. Totalmente actualizado, con nuevo diseño de cubierta ¡y con más de 1.000 nuevas fotos! ? Descubre la sustancia más apestosa ? Refréscate con el explorador polar más joven ? Conoce a las mascotas más sorprendentes ? Aprende sobre el mayor robo de diamantes Este año, el libro incluye una sección con récords españoles y contenido adicional. Y además? Nueva app gratuita de realidad aumentada para ver cómo los récords emergen del libro en alucinante 3D. | ||
| 650 | 1 | 4 |
_aCuriosidades y maravillas _96929 |
| 650 | 1 | 4 |
_aRecords mundiales _96928 |
| 942 |
_2ddc _cREF |
||
| 999 |
_c7287 _d7287 |
||